000 00581nam a2200229Ia 4500
003 OSt
005 20220918204936.0
006 a|||||r|||| 00| 0
007 ta
008 220917b |||||||| |||| 00| 0 eng d
024 _a114,826
037 _cTextual
040 _aARTS
_cARTS
_beng
041 _2eng
_aeng
082 _aV596:19.N<-M, L8
100 _aLeurdijk J H ed
_9113699
245 0 _aForeign policy of the Netherlands
260 _c1978
650 _aHISTORY
942 _hV596:19.N<-M, L8
_cTEXL
_2CC
999 _c238156
_d238156